| 000 | 00724nam a2200253 a 4500 | ||
|---|---|---|---|
| 001 | 000021743 | ||
| 003 | OSt | ||
| 005 | 20200930011431.0 | ||
| 008 | 100910s2000 sp r 000 0 spa d | ||
| 020 | _a8420700282 | ||
| 040 |
_aDO-SdBNP _bspa _cBNPHU |
||
| 082 |
_a863.6 _bC615c |
||
| 100 | 1 |
_aClaudín, Fernando _d1915-1990 _945190 |
|
| 245 | 1 | 0 |
_aA cielo abierto / _cFernando Cluadín. |
| 260 |
_aMadrid : _bAnaya, _c2000. |
||
| 300 |
_a153, [7] p. ; _c23 cm. |
||
| 490 | 1 |
_aEspacio abierto _v80 |
|
| 590 | _aInventariado, 2020 / DG | ||
| 650 | 4 |
_aNovela española _91123 |
|
| 650 | 4 |
_aLiteratura española _ySIGLO XX _93326 |
|
| 830 | 0 |
_aEspacio abierto ; _n80 _945191 |
|
| 910 | _aEn catalogaciòn | ||
| 942 |
_2ddc _cLF1 |
||
| 999 |
_c21242 _d21242 |
||